| 000 | 00810nas a2200277 4500 | ||
|---|---|---|---|
| 001 | BR2014008017 | ||
| 003 | BR-BrBNA | ||
| 005 | 20231205124824.0 | ||
| 007 | ta | ||
| 008 | 230509b bl.|||p| |||| 00| 00por d | ||
| 040 |
_aBR-BrBNA _bpor _cBiblioteca Nacional de Agricultura |
||
| 041 | _a(Pt) | ||
| 072 | _aE10 | ||
| 100 | 1 | _aSerigati, F. | |
| 100 | 1 | _aPossamai, R. | |
| 245 | 1 | _aPIB no interior: modificações na sua composição | |
| 650 | _aRENDA PER CAPITA | ||
| 650 | _aINDUSTRIA AGRICOLA | ||
| 650 | _aCOMERCIO INTERNO | ||
| 650 | _aANALISE ECONOMICA | ||
| 650 | _aAGRONEGOCIO | ||
| 650 | _aDESENVOLVIMENTO ECONOMICO | ||
| 773 | 0 |
_tAgroanalysis (Brazil) _xISSN 0100-4298 _g(Jun 2014), v. 34(6) p. 13-15 _wBR2014008017 |
|
| 909 |
_a202311 _bLúcia _c55 _dLúcia Elande |
||
| 942 |
_2AGRIS _n0 _cANA |
||
| 999 |
_c241083 _d241083 |
||